000 03483cam a22012494i 4500
003 PE-LiUPU
005 20250813185422.0
008 180627s2017 mx a r 000 0 spa d
020 _a8490520593
020 _a9788490520598
035 _a(Sirsi) a249092
040 _aPE-LiUPU
_bspa
_cPE-LiUPU
_erda
049 _aPRUA
082 0 4 _a363.34
_bA7
_220
245 0 0 _aAsistencia sanitaria en crisis humanitarias /
_cPilar Estébanez, Carolina Jiménez, Jorge Alvar (directores-coordinadores).
250 _aSexta edición.
264 1 _aMadrid :
_bDíaz de Santos,
_c2017.
300 _axxvii, 438 páginas :
_bilustraciones ;
_c24 centímetros
336 _atext
_2rdacontent
337 _aunmediated
_2rdamedia
338 _avolume
_2rdacarrier
504 _aBibliografía al final de cada capítulo.
505 0 _aIntroducción, conceptos, bases ético-jurídicas y antropológicas -- Contextos de las diferentes causas de crisis humanitarias e impacto social -- El sistema internacional de salud, los sistemas de salud y los clústeres en el espacio humanitario -- El control de las enfermedades transmisibles -- La salud pública y la atención básica de salud -- Factores contextuales de vulnerabilidad -- Seguridad, logística y suministro básicos de subsistencia -- De la calidad a la investigación: funciones imprescindibles en la acción humanitaria en salud.
526 _aP202
526 _aP201
526 _aP163
526 _aP162
526 _aP161
526 _aP160
526 _aP148
526 _aP147
526 _aP146
526 _aP145
526 _aP144
526 _aP143
526 _aP142
526 _aP141
526 _aP140
526 _aP139
526 _aP138
526 _aP137
526 _aP136
526 _aP135
526 _aP134
526 _aP133
526 _aP129
526 _aP128
526 _aP127
526 _aP120
526 _aP119
526 _aP118
526 _aP116
526 _aP115
526 _aP114
526 _aP110
526 _aP109
526 _aP108
526 _aP104
526 _aP103
526 _aP102
526 _aP99
526 _aP98
526 _aP97
526 _aP96
526 _aP95
526 _aP93
526 _aP90
526 _aP89
526 _aP88
526 _aP83
526 _aP82
526 _aP62
526 _aP59
526 _aP58
526 _aP57
526 _aP51
526 _aP49
526 _aP48
526 _aP47
526 _aP29
526 _aP24
526 _aP20
526 _aP19
526 _aP17
526 _aP15
526 _aP14
526 _aP12
526 _aP10
526 _aP09
526 _aP08
526 _aP07
526 _aP06
526 _aP05
526 _aP04
526 _aP01
541 _gF002-00000098;
650 1 7 _aServicios de urgencia médica
_2embne
650 2 7 _aCatástrofes
_2embne
700 1 _aJiménez Navarro, Carolina
_edirectora.
700 1 _aAlvar Ezquerra, Jorge
_edirectora.
700 1 _aEstébanez, Pilar
_d1951-
_edirector.
910 _adbm
_bjpc
_cjpc
_d20180927
942 _2ddc
_cBOOK
994 _aC0
_bPEPRU
596 _a1
999 _a363.34 A7
_wDEWEY
_c28685
_i78802
_f2021-11-3
_g4
_lCCODEBUL1
_mBUL
_p103.00
_r0
_sY
_tBOOK
_u2018-6-27
_xSALUD
_zP22
_0COMPRA
_1FCOMPRA
_d28685
980 _81
_gALBERTO SANCHEZ Responsable de Automatización